Learn microsoft word for windows now (Record no. 66787)

000 -LEADER
fixed length control field 00490nam a22001817a 4500
003 - CONTROL NUMBER IDENTIFIER
control field NUST - PNEC
005 - DATE AND TIME OF LATEST TRANSACTION
control field 20170116181003.0
008 - FIXED-LENGTH DATA ELEMENTS--GENERAL INFORMATION
fixed length control field 150912b xxu||||| |||| 00| 0 eng d
020 ## - INTERNATIONAL STANDARD BOOK NUMBER
International Standard Book Number 1556152973
040 ## - CATALOGING SOURCE
Transcribing agency LIBRARY
082 ## - DEWEY DECIMAL CLASSIFICATION NUMBER
Classification number 005.52 BOO
100 ## - MAIN ENTRY--PERSONAL NAME
9 (RLIN) 9643
Personal name Boom, Michael
245 ## - TITLE STATEMENT
Title Learn microsoft word for windows now
Statement of responsibility, etc. Michael Boom
250 ## - EDITION STATEMENT
Edition statement Special edition
260 ## - PUBLICATION, DISTRIBUTION, ETC.
Date of publication, distribution, etc. c.1990
650 ## - SUBJECT ADDED ENTRY--TOPICAL TERM
9 (RLIN) 9645
Topical term or geographic name entry element Word processing
General subdivision MIS. Computer Science
942 ## - ADDED ENTRY ELEMENTS (KOHA)
Source of classification or shelving scheme
Koha item type Book
Holdings
Withdrawn status Lost status Source of classification or shelving scheme Damaged status Not for loan Permanent Location Current Location Shelving location Date acquired Total Checkouts Full call number Barcode Date last seen Price effective from Koha item type
          Pakistan Navy Engineering College (PNEC) Pakistan Navy Engineering College (PNEC)       005.52 BOO PNECLIB-017380 09/12/2015   Book
© 2023 Central Library, National University of Sciences and Technology. All Rights Reserved.